Chinese Food and Folklore : (Record no. 10172)
[ view plain ]
| 000 -LEADER | |
|---|---|
| fixed length control field | 00540nam a22001817a 4500 |
| 003 - CONTROL NUMBER IDENTIFIER | |
| control field | OSt |
| 005 - DATE AND TIME OF LATEST TRANSACTION | |
| control field | 20160126104147.0 |
| 008 - FIXED-LENGTH DATA ELEMENTS--GENERAL INFORMATION | |
| fixed length control field | 130902t xxu||||| |||| 00| 0 eng d |
| 020 ## - INTERNATIONAL STANDARD BOOK NUMBER | |
| International Standard Book Number | 9780600597759 |
| 050 ## - LIBRARY OF CONGRESS CALL NUMBER | |
| Classification number | TX 724.5 |
| Item number | .W947 1999 |
| 082 ## - DEWEY DECIMAL CLASSIFICATION NUMBER | |
| Classification number | HS 641.51 |
| Item number | C56 1999 |
| 245 ## - TITLE STATEMENT | |
| Title | Chinese Food and Folklore : |
| Statement of responsibility, etc | Jeni Wright. |
| Remainder of title | a guide to the cooking myths and history of China |
| 260 ## - PUBLICATION, DISTRIBUTION, ETC. (IMPRINT) | |
| Place of publication, distribution, etc | London : |
| Name of publisher, distributor, etc | Hamlyn, |
| Date of publication, distribution, etc | c1999. |
| 300 ## - PHYSICAL DESCRIPTION | |
| Extent | 144 p. : |
| Other physical details | ill. : |
| Dimensions | 30 cm. |
| 650 ## - SUBJECT ADDED ENTRY--TOPICAL TERM | |
| Topical term or geographic name as entry element | Cookery,Chinese |
| 9 (RLIN) | 16164 |
| 942 ## - ADDED ENTRY ELEMENTS (KOHA) | |
| Source of classification or shelving scheme | Library of Congress Classification |
| Koha item type | Books |
| Withdrawn status | Lost status | Source of classification or shelving scheme | Damaged status | Home library | Current library | Shelving location | Date acquired | Total Checkouts | Full call number | Barcode | Date last seen | Copy number | Price effective from | Koha item type |
|---|---|---|---|---|---|---|---|---|---|---|---|---|---|---|
| Library of Congress Classification | Luxembourg Library | Luxembourg Library | High School Section | 09/02/2013 | TX 724.5 .W947 1999 | 5448 | 05/27/2015 | 1 | 09/02/2013 | Books |